00620nam a2200169 i 450000100060000000300090000600500170001500700030003200800410003510000380007624500780011426000650019230000220025785200320027999900170031195201220032826462ES-MaACL20250721063431.0t|030109s1963 sp ||||1| spa d1 aArtola, Miguel,d1923-202092349710aHistoria de la reconstrucción de San Sebastián / cpor Miguel Artola. aSan Sebastián : bAyuntamiento de San Sebastián, c1963. a328 p. ; c26 cm. aES-MaACLjC-24122 bR.52953 c26462d26462 00104070aATENEOMbATENEOMcDEPO2d2008-01-17eSCl0oC-24122p1027312r2023-02-23 00:00:00w2023-02-23yMONOGRAFIA